| 000 | 00614nam a22001817a 4500 | ||
|---|---|---|---|
| 999 |
_c191505 _d191505 |
||
| 005 | 20220829111544.0 | ||
| 010 | _aENG-134731 | ||
| 020 |
_a9788173052026 _c1250.00 |
||
| 035 | _aEN-118263 | ||
| 037 | _bDBAD/PUB | ||
| 082 | _a934.01 | ||
| 100 | _aLal, B.B. | ||
| 245 |
_aThe sarasvati flows on: _bthe continuity of indian culture/ _cB.B. Lal |
||
| 260 |
_aNew Delhi _bAryan Books International _c2016 |
||
| 270 |
_aPooja apartments, 4B, ansari road _bNew Delhi _e110002 _k011-23287589 _maryanbooks@gmail.com |
||
| 300 |
_a148p. _c23cm(hbk) _bBibliography & Index |
||
| 942 |
_2ddc _cEN _h934.01 _mLAL |
||